000 00816nam a2200181 a 4500
001 000039713
005 20201002033708.0
008 130717s2000 sp 000 0 spa d
040 _aDO-SdBNP
_bspa
_cBNPHU
245 0 0 _aEnciclopedia iberoamericana de filosofía :
_bdel renacimiento a la ilustracion II /
_cEdición de Javier Echeverria.
260 _aMadrid :
_bConsejo Superior de Investigaciones Científicas,
_c2000.
300 _av. ;
_c22 cm.
490 1 _aEnciclopedia iberoamericana de filosofía
_v21, 26
504 _aBibliografía
505 0 _gV.1
_tCuestiones metafísicas /
_red. de Juliana González y Eugenio Trías
_gv. 2
_tDel renacimiento a la ilutración /
_red. de Javier Echaverria
700 1 _aEcheverría, Javier,
_eed.
_965907
830 0 _aEnciclopedia iberoamericana de filosofía
_v21,26
_915735
999 _c39203
_d39203